Rakovodstvo po izpolzvane na elektrono izčislitelna technika v ikonomičeskite izsledvanija

Gespeichert in:
Bibliographische Detailangaben
1. Verfasser: Petrov, P.
Weitere Verfasser: Karakulakov, M., Rusev, Č.
Format: Buch
Sprache:Bulgarisch
Veröffentlicht: Varna Visš institut za narodno stopanstvo "Dimitar Blagoev" 1982
Tags: Tag hinzufügen
Keine Tags, Fügen Sie das erste Tag hinzu!

MARC

LEADER 00000nam a2200000 4500
001 c131394
005 20071019144642.5
041 0 |a bul 
044 |a BG 
245 1 0 |a Rakovodstvo po izpolzvane na elektrono izčislitelna technika v ikonomičeskite izsledvanija  |c P. Petrov, M. Karakulakov, Č. Rusev 
264 1 |a Varna  |b Visš institut za narodno stopanstvo "Dimitar Blagoev"  |c 1982 
300 |a 177 s. 
100 1 |a Petrov, P. 
700 1 |a Karakulakov, M. 
700 1 |a Rusev, Č.